00595nam a22002057a 450000500170000001000150001702000260003202000230005803500130008103700130009408200110010710000240011824500770014225000120021926000440023127000460027530000350032150000190035665000140037520140701143101.0 aENG-109644 c595.00a9781259097379 c595.00a1259097374 aEN-93177 bDBAD/PUB a658.85 aFutrell, Charles M.00aABC’s of relationship selling through service /cby Charles M. Futrell a12th ed aNew DelhibMcGraw Hill Education c2013 aP-24, Green Park Extn.bNew Delhie110016 axxxiv,494p. :c28cm(pbk)bill. aIncludes index a Selling.